MDQL
is popping MORE tags! Check the
thread
!
Quizzes
Events
Quiz Creation
Community
Videos
Private Events
Remove Ads
Sign In
Join for FREE
Feedback
Dark Mode
Quiz Categories
Sports
Geography
Music
Movies
Television
Just For Fun
Miscellaneous
History
Literature
Language
Science
Gaming
Entertainment
Religion
Holiday
For Kids
Quiz Lab
Recent
Popular Today
Quiz Kudos Today
Editor Picks
Curator Picks
Quizzes by...
Day
Popularity
Type
Ratings
Length
Year
Community
Subscriptions
Recent Discussions
Orange Saloon
Badges
Playlists
Quests
Create
Leaderboards
Showdown
Live 5
Trivia Bingo
Activity
Puzzle Library
Sporcle Events
Private Events
Virtual Trivia
Globe League
Become a Host
Pub Owners
SporcleCon
Opinionation
Our Games
Videos
Blog
Mobile Apps
Partnerships
Remove Ads and Go Orange
Feedback
Sports
Athletes
MLB
NBA
NHL
NFL
Soccer
Sports Teams
WWE
NCAA
Football
Premier League
Basketball
Baseball
Hockey
Golf
Tennis
Cricket
Rugby
Auto Racing
Olympics
World Cup
Sports
Athletes
MLB
NBA
NHL
NFL
Soccer
Sports Teams
WWE
NCAA
Football
Premier League
Basketball
Baseball
Hockey
Golf
Tennis
Cricket
Rugby
Auto Racing
Olympics
World Cup
Random Quiz
Search Sporcle
×
Quiz Lab
Quiz Lab
Sports
home
Type in answers that appear in a list
Type in answers that appear in a list
Classic
Best Score? Go Orange.
Chicago White Sox playoff home runs Stats
Can you name the Chicago White Sox playoff home runs?
By
claybo4131
5m
34 Questions
64 Plays
64 Plays
64 Plays
Comments
Comments
Give Quiz Kudos
Give Quiz Kudos
-
- Ratings
hide this ad
Replay
Link that replays current quiz
Next Quiz
Link to next quiz in quiz playlist
You Got
0%
They Got
Avg Score
64%
Avg Friend Score
Upgrade to see
Score Distribution
Jump to the score distribution portion of the page
Score
0/34
Timer
05:00
0
Plays Today
Hint
Answer
% Correct
1993 ALCS Game 4
Frank Thomas
98.4%
2005 ALDS Game 1
Paul Konerko
95.3%
2005 ALDS Game 3
Paul Konerko
95.3%
2005 ALCS Game 3
Paul Konerko
95.3%
2005 ALCS Game 4
Paul Konerko
95.3%
2005 World Series Game 1
Jermaine Dye
95.3%
2005 World Series Game 2
Paul Konerko
95.3%
2008 ALDS Game 1
Paul Konerko
95.3%
2008 ALDS Game 4
Paul Konerko
95.3%
2008 ALDS Game 4
Jermaine Dye
95.3%
1919 World Series Game 8
Shoeless Joe Jackson
84.4%
2005 ALDS Game 1
AJ Pierzynski
84.4%
2005 ALDS Game 1
AJ Pierzynski
84.4%
2005 ALCS Game 4
AJ Pierzynski
84.4%
1993 ALCS Game 5
Robin Ventura
73.4%
2005 ALDS Game 1
Scott Podsednik
70.3%
2005 World Series Game 2
Scott Podsednik
70.3%
Hint
Answer
% Correct
2005 ALCS Game 1
Joe Crede
62.5%
2005 ALCS Game 5
Joe Crede
62.5%
2005 World Series Game 1
Joe Crede
62.5%
2005 World Series Game 3
Joe Crede
62.5%
1993 ALCS Game 4
Lance Johnson
53.1%
2000 ALDS Game 1
Ray Durham
53.1%
2005 ALDS Game 2
Tadahito Iguchi
50%
2005 ALDS Game 1
Juan Uribe
48.4%
2005 World Series Game 3
Geoff Blum
43.8%
1959 World Series Game 1
Ted Kluszewski
29.7%
1959 World Series Game 1
Tes Kluszewski
29.7%
1959 World Series Game 6
Ted Kluszewski
29.7%
1917 World Series Game 1
Happy Felsch
23.4%
1959 World Series Game 4
Sherm Lollar
21.9%
1993 ALCS Game 5
Ellis Burks
21.9%
2008 ALDS Game 1
Dewayne Wise
17.2%
1993 ALCS Game 6
Warren Newson
15.6%
Quiz Playlist
Details
Report
Send in Message
Add To Playlist
Classic:
Type in answers that appear in a list
Quiz Source
Last Updated: Feb 16, 2017
Quiz Scoreboard
CHALLENGE
Sign Up to Join the Scoreboard
Show All
Scores
Hide
Comments
May contain spoilers
Recently Published
Holiday 10x10 Sorting Gallery
by lukepisani3
Holiday
15m
Two Season TV Shows II
by 123Four
Television
10m
Image Sorting: Flags VI
by Barbecue
Geography
2m
More to Explore
Quiz From the Vault
Featured Blog Post
14 Easter Pick-up Lines to Find Eggs With
hide this ad
You Might Also Like...
Tags
chicago
home
Playoff
run
White
Today's Top Quizzes in Sports
Browse Sports
hide this ad
Today's Top Quizzes in home
Browse home
Top Contributed Quizzes in Sports
1
Les meilleurs buteurs des matchs entre le PSG et l’OM
2
Les entraîneurs de l'OM et du PSG au 21e siècle
3
2022 World Cup Stars
4
Players with Multiple 50 Home Run Seasons
5
Les joueurs passés par le PSG et l'OM
6
FIFA Club World Cup Champions
7
Top 10 NHL Goal Scorers of All Time
8
Criteria MLB: Left Handed Sluggers
9
Les joueurs passés par le LOSC et le RC Lens
10
2023 MLB Unique Player Accomplishments
Explore More
Trending Topics
Marvel
Disney
Anime
Harry Potter
Crossword
NBA
Kpop
Pokémon
Country
Puzzle
Soccer
WWE
NFL
The Office
Song
hide this ad
More By:
claybo4131
Quiz
Plays
Rating
Category
Featured
Created
New York Yankees World Series Home runs
209
4.00
Sports
Oct 12, 2016
New England Patriots playoff touchdowns
191
5.00
Sports
Nov 1, 2016
Chicago Cubs Playoff Home Runs
181
3.50
Sports
Sep 8, 2016
Toronto Blue Jays playoff home runs
162
5.00
Sports
Sep 6, 2016
Pittsburgh Steelers playoff touchdowns
161
5.00
Sports
Nov 1, 2016
Go to Creator's Profile
Score Distribution
Quiz Creator Spotlight
claybo4131
Follow
Send a Message
Quizzes Created
-
Created Quiz Play Count
-
More By This Creator
Popular Quizzes Today
1
Find the US States - No Outlines Minefield
2
Colored Red Africa Blitz
3
Find the 'City' Movie
4
The Countries of the World
5
Find the US States
6
5x2 Blitz: Bands
7
Find the Countries of Europe - No Outlines Minefield
8
US States
More Sports Quizzes
MLB CY In Both Leagues (AL/NL)
Editor's Pick
Trending Quizzes
Colored Red Europe Blitz I
Colored Red Europe Blitz II
Colored Red Africa Blitz II
Colored Red Africa Blitz III
Colored Red Europe Blitz III
Recently Updated
Odd Team Out - Big 4 Players
pecheneg
Quick Pick: 20 Twenties
pecheneg
March Madness Men's Triple Doubles
pecheneg
How Do You Spell That?
pecheneg
Godzilla Movies
pecheneg
Grab Bag: 4-10 Letters
pecheneg
2024 March Madness Bracket
pecheneg
Famous TV Couples
Peacemaker
Champions League XIs: Real Madrid
pecheneg
Largest US Cities 1790-2010
pecheneg
Trending Topics
Marvel
Kpop
Anime
Crossword
Harry Potter
Disney
NBA
The Office
NFL
Puzzle
Pokémon
Soccer
Country
WWE
Song
Your Account Isn't Verified!
In order to create a playlist on Sporcle, you need to verify the email address you used during registration. Go to your
Sporcle Settings
to finish the process.
Report this User
Report this user for behavior that violates our
Community Guidelines
.
Details:
Send Report
Go to the Sporcle.com Mobile Site →
Comments